[Event "Andalucia-chB"]
[Site "Algeciras"]
[Date "2018.05.19"]
[Round "4"]
[White "Navarro Coloma, Antonio"]
[Black "Lopez Luque, Marina Elena"]
[Result "1/2-1/2"]
[WhiteElo "1781"]
[BlackElo "1517"]
[PlyCount "83"]
[EventDate "2018.05.18"]
[EventType "swiss"]
[EventRounds "6"]
[EventCountry "ESP"]
[SourceTitle "EXT 2020"]
[Source "ChessBase"]
[SourceDate "2019.10.17"]
[SourceVersion "1"]
[SourceVersionDate "2019.10.17"]
[SourceQuality "1"]

1. d4 Nf6 2. Nf3 d6 3. Bf4 g6 4. e3 Bg7 5. Bd3 0-0 6. 0-0 Nbd7 7. Nbd2 Qe8 8. e4 e5 9. dxe5 dxe5 10. Bg3 Nh5 11. c3 Nf4 12. Bxf4 exf4 13. Re1 Ne5 14. Nxe5 Qxe5 15. Nf3 Qh5 16. Be2 g5 17. Ne5 Qh6 18. Ng4 Qg6 19. f3 Qb6+ 20. Kf1 Qxb2 21. Qd5 h6 22. Rec1 Be6 23. Qd1 Rad8 24. Qc2 Qb6 25. Rd1 Qc5 26. Rxd8 Rxd8 27. Rc1 Bxg4 28. fxg4 Qe3 29. Rd1 Rxd1+ 30. Qxd1 Qxc3 31. Qd8+ Bf8 32. Qd5 Qc6 33. Qxc6 bxc6 34. h3 Bd6 35. Bc4 Kf8 36. Ke2 Ke7 37. Kd3 Be5 38. Bb3 f6 39. Kc4 Kd6 40. Bd1 Bb2 41. Bc2 Ke5 42. Bb1 1/2-1/2

[Event "Andalucia-chB"]
[Site "Algeciras"]
[Date "2018.05.18"]
[Round "1"]
[White "Lopez Luque, Marina Elena"]
[Black "Morales Cano, Carlos"]
[Result "1-0"]
[WhiteElo "1517"]
[BlackElo "1756"]
[PlyCount "111"]
[EventDate "2018.05.18"]
[EventType "swiss"]
[EventRounds "6"]
[EventCountry "ESP"]
[SourceTitle "EXT 2020"]
[Source "ChessBase"]
[SourceDate "2019.10.17"]
[SourceVersion "1"]
[SourceVersionDate "2019.10.17"]
[SourceQuality "1"]

1. e4 e6 2. d4 d5 3. e5 c5 4. c3 Qb6 5. Nf3 Nc6 6. Bd3 cxd4 7. cxd4 Bd7 8. 0-0 Nxd4 9. Nxd4 Qxd4 10. Nc3 a6 11. Re1 Ne7 12. a3 Rc8 13. Be3 Qxe5 14. Na4 Bc6 15. Rc1 Nf5 16. Bg5 Qd4 17. Bxf5 Qxd1 18. Rexd1 h6 19. Bd2 Be7 20. Bc2 b5 21. Nc3 0-0 22. Na2 Bf6 23. Bc3 e5 24. Nb4 Rfd8 25. Nxc6 Rxc6 26. Bf5 g6 27. Bh3 Bg5 28. Rb1 d4 29. Bd2 Bxd2 30. Rxd2 Kg7 31. Rbd1 f5 32. g3 Rcd6 33. Bg2 Kf6 34. h4 g5 35. Rc2 gxh4 36. gxh4 e4 37. Kf1 Ke5 38. Rc5+ Kf4 39. Bh3 Rd5 40. Rxd5 Rxd5 41. Ke1 d3 42. Kd2 Kf3 43. Rf1 f4 44. Be6 Rc5 45. Bb3 Kg2 46. Re1 Re5 47. Bf7 Kxf2 48. Rh1 Kg2 49. Re1 Kf2 50. Rh1 Re7 51. Bd5 f3 52. Bc6 Kg2 53. Re1 f2 54. Rxe4 Rxe4 55. Bxe4+ Kg1 56. Bxd3 1-0